000 00558nam a2200181Ia 4500
003 GCL
008 140319s9999 xx 000 0 ara d
040 _aGCL /
_cGCL
082 0 4 _a894.35
_bن ح
100 1 _aاكمل الدين احسان اوغلى
245 1 0 _aحكاية حب (مسرحية ناظم حكمت) او فرهارد وشبرين /
_cاكمل الدين احسان اوغلى
700 1 _aناظم حكمت
300 _a173 ص
490 _aكتاب
_v0
650 0 4 _aالادب
650 0 4 _aالادب التركى
942 _2ddc
_cBK
999 _c42268
_d42268